[Event "Cappelle-la-Grande"]
[Site "Cappelle-la-Grande (FRA)"]
[Date "2013.02.26"]
[Round "5.16"]
[White "Blomqvist, Erik"]
[Black "Vorobiov, Evgeny E"]
[Result "0-1"]
[WhiteElo "2465"]
[BlackElo "2584"]
[PlyCount "112"]
[EventDate "2013.??.??"]

1. e4 c5 2. Nf3 Nc6 3. d4 cxd4 4. Nxd4 g6 5. c4 Nf6 6. Nc3 d6 7. Nc2 Bg7 8. Be2
O-O 9. O-O Nd7 10. Bd2 a5 11. Be3 Nc5 12. f3 a4 13. Qd2 Qa5 14. Na3 Be6 15.
Rac1 Rfc8 16. Rfd1 Qb4 17. Bf1 Kf8 18. Rc2 Qa5 19. Qf2 Kg8 20. Kh1 Nb4 21. Rcd2
Nc6 22. Rc1 h5 23. Rdd1 Kh7 24. Nd5 Bxd5 25. cxd5 Ne5 26. Bb5 Bh6 27. Bxh6 Kxh6
28. Qe3+ Kh7 29. h3 Qb4 30. Rd4 Qa5 31. f4 Ned7 32. e5 Qd8 33. Re1 Kg8 34. Qg3
Nf8 35. Nc4 dxe5 36. fxe5 Nce6 37. dxe6 Qxd4 38. exf7+ Kxf7 39. Qf3+ Kg7 40.
Rf1 Nh7 41. Qf7+ Kh6 42. Qxe7 Rxc4 43. Bxc4 Qxc4 44. Rf7 Ng5 45. Rf8 Rc8 46.
Kh2 b6 47. Qf6 Nh7 48. Rxc8 Qxc8 49. Qxb6 Ng5 50. Qd4 Qf5 51. h4 Ne6 52. Qd6
Qf4+ 53. g3 Qf2+ 54. Kh1 Qf1+ 55. Kh2 Qf2+ 56. Kh1 Nd4 0-1

[Event "Cappelle-la-Grande"]
[Site "Cappelle-la-Grande (FRA)"]
[Date "2013.02.26"]
[Round "5.18"]
[White "Popovic, Dusan"]
[Black "Nemcova, Katerina"]
[Result "1/2-1/2"]
[WhiteElo "2574"]
[BlackElo "2368"]
[PlyCount "40"]
[EventDate "2013.??.??"]

1. e4 e5 2. Nf3 Nc6 3. Bb5 a6 4. Ba4 Nf6 5. d3 d6 6. c3 g6 7. O-O Bg7 8. Nbd2
O-O 9. Re1 Nd7 10. Bxc6 bxc6 11. d4 a5 12. dxe5 Nxe5 13. Nxe5 Bxe5 14. Nf1 Bg7
15. Be3 Rb8 16. Qd2 c5 17. Ng3 Be6 18. Ne2 a4 19. Nf4 Bc4 20. Nd5 Qd7 1/2-1/2

[Event "Cappelle-la-Grande"]
[Site "Cappelle-la-Grande (FRA)"]
[Date "2013.02.26"]
[Round "5.19"]
[White "Papin, Vasily"]
[Black "Klinova, Masha"]
[Result "1-0"]
[WhiteElo "2562"]
[BlackElo "2327"]
[PlyCount "69"]
[EventDate "2013.??.??"]

1. d4 d6 2. g3 Nf6 3. Bg2 g6 4. c4 Bg7 5. Nc3 O-O 6. Nf3 Nc6 7. O-O Rb8 8. b3
Bf5 9. Bb2 Ne4 10. Nd5 Bd7 11. Ne3 f5 12. Qb1 e6 13. d5 exd5 14. Bxg7 Kxg7 15.
cxd5 Nb4 16. a3 Na6 17. b4 Qf6 18. Qd3 Qc3 19. Rac1 Qf6 20. Nd4 Rfe8 21. Nc4
Re7 22. Na5 Qe5 23. Nf3 Qf6 24. e3 Be8 25. Nd4 Bf7 26. f3 Nec5 27. bxc5 Nxc5
28. Qc3 Bxd5 29. e4 Bf7 30. exf5 Rbe8 31. fxg6 Bxg6 32. f4 Re3 33. Qa1 c6 34.
Nc4 Rd3 35. Nxd6 1-0

[Event "Cappelle-la-Grande"]
[Site "Cappelle-la-Grande (FRA)"]
[Date "2013.02.26"]
[Round "5.20"]
[White "Soors, Stef"]
[Black "Petkov, Vladimir"]
[Result "0-1"]
[WhiteElo "2369"]
[BlackElo "2559"]
[PlyCount "138"]
[EventDate "2013.??.??"]

1. e4 c5 2. c3 d6 3. d4 Nf6 4. Bd3 Nc6 5. Nf3 e5 6. dxe5 dxe5 7. Na3 Be7 8. Nc4
Qc7 9. Bg5 Be6 10. Bxf6 Bxf6 11. Ne3 O-O 12. Nd5 Qd8 13. Qc2 Rb8 14. O-O Ne7
15. Rfd1 Bxd5 16. exd5 g6 17. Be4 Nc8 18. d6 Nxd6 19. Rd5 Qe7 20. Rad1 Rbd8 21.
h4 b6 22. g3 Kg7 23. Nd2 Qe6 24. Bg2 Rfe8 25. Qa4 Nc8 26. Nf1 Rxd5 27. Rxd5 e4
28. Ne3 Kf8 29. Kh2 Bg7 30. Qd7 Qxd7 31. Rxd7 h5 32. Bf1 Re7 33. Rd8+ Re8 34.
Rd7 Re7 35. Rd1 Be5 36. Rd8+ Re8 37. Rd7 Re7 38. Rd8+ Re8 39. Rd7 Bb8 40. Bc4
Nd6 41. Bd5 b5 42. Kh3 Rc8 43. Bb7 Rc7 44. Rxc7 Bxc7 45. Bc6 f5 46. a4 b4 47.
Nd5 Ba5 48. cxb4 Bxb4 49. Nf4 Kf7 50. b3 Bd2 51. Nd5 c4 52. bxc4 Nxc4 53. Nc7
Ne5 54. Be8+ Ke7 55. Bb5 Ng4 56. Kg2 Be1 57. Be2 Ne5 58. Kf1 Ba5 59. Nd5+ Kd6
60. Nf4 Bd2 61. Ng2 Nd3 62. Bd1 Nc1 63. Be2 Nxe2 64. Kxe2 Bh6 65. f4 Kc5 66.
Ne3 Bg7 67. a5 a6 68. Kd2 Bd4 69. Nc2 Bf2 0-1

[Event "Cappelle-la-Grande"]
[Site "Cappelle-la-Grande (FRA)"]
[Date "2013.02.26"]
[Round "5.21"]
[White "Borovikov, Vladislav"]
[Black "Stephan, Victor"]
[Result "1-0"]
[WhiteElo "2557"]
[BlackElo "2324"]
[PlyCount "117"]
[EventDate "2013.??.??"]

1. d4 Nf6 2. Nf3 e6 3. c4 d5 4. Nc3 Bb4 5. cxd5 exd5 6. Bg5 Nbd7 7. Qc2 c5 8.
g3 O-O 9. Bg2 h6 10. Bf4 cxd4 11. Nxd4 Nc5 12. a3 Ne6 13. axb4 Nxd4 14. Qd3 Nc6
15. b5 Nb4 16. Qd2 Bf5 17. O-O a5 18. bxa6 Rxa6 19. Rxa6 bxa6 20. Be5 a5 21.
Qf4 Be6 22. Ra1 Re8 23. Bxf6 Qxf6 24. Qxf6 gxf6 25. Rxa5 Kg7 26. Rb5 d4 27. Ne4
d3 28. exd3 Nxd3 29. h3 Bc4 30. Rb6 f5 31. Nd2 Re1+ 32. Bf1 Ne5 33. Rd6 Be2 34.
f4 Nd3 35. Kg2 Bxf1+ 36. Nxf1 Nxb2 37. Kf2 Rd1 38. Ne3 Rxd6 39. Nxf5+ Kg6 40.
Nxd6 h5 41. Ke3 Nd1+ 42. Ke4 Nc3+ 43. Ke5 Ne2 44. f5+ Kg7 45. Ne4 Ng1 46. h4
Ne2 47. Kd5 f6 48. Kc4 Ng1 49. Nc3 Nf3 50. Ne2 Nh2 51. Kd5 Ng4 52. Ke6 Ne3 53.
Nf4 Nf1 54. Nxh5+ Kh6 55. g4 Nh2 56. Nxf6 Nf3 57. g5+ Kg7 58. Nh5+ Kf8 59. g6
1-0

[Event "Cappelle-la-Grande"]
[Site "Cappelle-la-Grande (FRA)"]
[Date "2013.02.26"]
[Round "5.22"]
[White "Atakisi, Umut"]
[Black "Eingorn, Vereslav S"]
[Result "0-1"]
[WhiteElo "2320"]
[BlackElo "2547"]
[PlyCount "58"]
[EventDate "2013.??.??"]

1. e4 e6 2. d4 d5 3. Nd2 c5 4. Ngf3 Nf6 5. e5 Nfd7 6. c3 Nc6 7. Bd3 Qb6 8. O-O
cxd4 9. cxd4 a5 10. a4 Nxd4 11. Nxd4 Qxd4 12. Nf3 Qb6 13. Be3 Bc5 14. Qe2 Bxe3
15. fxe3 Qd8 16. Qf2 O-O 17. Qg3 h6 18. h4 b6 19. Rf2 Ba6 20. Bc2 Rc8 21. Rd1
Rc5 22. Rd4 Rc4 23. Rg4 Rxg4 24. Qxg4 Qc7 25. Qh5 Nc5 26. Rd2 Ne4 27. Bxe4 Qc1+
28. Kh2 dxe4 29. Rd4 Qxe3 0-1

[Event "Cappelle-la-Grande"]
[Site "Cappelle-la-Grande (FRA)"]
[Date "2013.02.26"]
[Round "5.23"]
[White "Jovanic, Ognjen"]
[Black "Jarmula, Lukasz"]
[Result "0-1"]
[WhiteElo "2547"]
[BlackElo "2164"]
[PlyCount "140"]
[EventDate "2013.??.??"]

1. d4 Nf6 2. c4 g6 3. Nc3 d5 4. e3 Bg7 5. Qb3 dxc4 6. Bxc4 O-O 7. Nf3 Nc6 8.
Be2 b6 9. O-O Na5 10. Qc2 c5 11. dxc5 bxc5 12. Rd1 Qc7 13. b3 Bf5 14. Bd3 Bxd3
15. Rxd3 c4 16. Nb5 Qc6 17. bxc4 Qxc4 18. Qxc4 Nxc4 19. Rb1 Rfd8 20. Rd4 Ne4
21. Rxd8+ Rxd8 22. g4 Rd1+ 23. Kg2 Ned2 24. Nxd2 Nxd2 25. Bxd2 Rxb1 26. Nxa7
Rb2 27. Be1 Rxa2 28. Nc6 Bf6 29. Kf3 Kf8 30. Nb4 Ra1 31. Nd3 Ke8 32. h3 Kd7 33.
Bb4 Kc6 34. Nf4 e6 35. Ne2 Be5 36. Bc3 Bxc3 37. Nxc3 f5 38. Ne2 Kd5 39. Kg2 Ke4
40. Ng3+ Kd3 41. Kf3 Kd2 42. gxf5 exf5 43. e4 fxe4+ 44. Nxe4+ Ke1 45. h4 Ra4
46. h5 gxh5 47. Nf6 h4 48. Kg2 h6 49. f3 Ke2 50. Ng4 Rf4 51. Kh3 h5 52. Ne5 Ra4
53. Kg2 Ke3 54. Ng6 h3+ 55. Kxh3 Kxf3 56. Nf8 Rf4 57. Ng6 Rf6 58. Ne7 Rh6 59.
Ng8 Rh7 60. Nf6 Rh8 61. Kh4 Kf4 62. Nd5+ Kf5 63. Ne7+ Ke6 64. Ng6 Rh6 65. Nf4+
Kf5 66. Nh3 Rh8 67. Ng5 Kg6 68. Nf3 Re8 69. Kg3 Re4 70. Nh4+ Kf6 0-1

[Event "Cappelle-la-Grande"]
[Site "Cappelle-la-Grande (FRA)"]
[Date "2013.02.26"]
[Round "5.24"]
[White "Degembe, Pierre"]
[Black "Djukic, Nikola"]
[Result "0-1"]
[WhiteElo "2020"]
[BlackElo "2538"]
[PlyCount "76"]
[EventDate "2013.??.??"]

1. c4 g6 2. g3 Bg7 3. Bg2 Nf6 4. Nc3 O-O 5. d3 d6 6. e3 c5 7. Nge2 Nc6 8. O-O
Bd7 9. h3 a6 10. Rb1 Rb8 11. a3 b5 12. cxb5 axb5 13. b4 cxb4 14. axb4 Ne8 15.
d4 e5 16. d5 Ne7 17. e4 Rc8 18. Qd3 Rc4 19. Bd2 f5 20. f3 Nf6 21. g4 f4 22.
Rfc1 Qb6+ 23. Kf1 Ra8 24. Nd1 Rcc8 25. Ra1 Ne8 26. Be1 Qb7 27. Qb3 Bf6 28. Qb2
h5 29. Bc3 hxg4 30. fxg4 g5 31. Ng1 Ng6 32. Nf3 Nc7 33. Nf2 Ra4 34. Nd3 Na8 35.
Nde1 Nb6 36. Nd2 Qa7 37. Bf3 Rxa1 38. Qxa1 Qxa1 0-1

[Event "Cappelle-la-Grande"]
[Site "Cappelle-la-Grande (FRA)"]
[Date "2013.02.26"]
[Round "5.25"]
[White "Peyre, Camille"]
[Black "Kharitonov, Alexandr"]
[Result "0-1"]
[WhiteElo "1965"]
[BlackElo "2536"]
[PlyCount "80"]
[EventDate "2013.??.??"]

1. d4 d6 2. c4 e5 3. Nc3 exd4 4. Qxd4 Nf6 5. Nf3 g6 6. Bg5 Bg7 7. Nd5 Nbd7 8.
Qe3+ Kf8 9. Bh6 Nb6 10. Bxg7+ Kxg7 11. Qd4 c5 12. Qxf6+ Qxf6 13. Nxf6 Kxf6 14.
e3 Be6 15. O-O-O Rhd8 16. Nd2 d5 17. cxd5 Bxd5 18. Kb1 Rac8 19. e4 Be6 20. b3
Nd7 21. f4 Ke7 22. Bc4 Bg4 23. Nf3 Bxf3 24. gxf3 Nf6 25. e5 Nh5 26. f5 gxf5 27.
Rhe1 Nf4 28. Rg1 Rxd1+ 29. Rxd1 Rg8 30. Kc2 Rg2+ 31. Rd2 Rxd2+ 32. Kxd2 Ng6 33.
Bd5 b6 34. Ke3 Nxe5 35. h3 Kd6 36. Ba8 Ng6 37. f4 Ne7 38. Kf3 b5 39. Ke3 Nd5+
40. Kf3 c4 0-1

[Event "Cappelle-la-Grande"]
[Site "Cappelle-la-Grande (FRA)"]
[Date "2013.02.26"]
[Round "5.26"]
[White "Mueller, Ralf"]
[Black "Iturrizaga, Eduardo"]
[Result "0-1"]
[WhiteElo "2412"]
[BlackElo "2646"]
[PlyCount "74"]
[EventDate "2013.??.??"]

1. d4 Nf6 2. Nf3 g6 3. c4 c5 4. d5 b5 5. Nbd2 bxc4 6. e4 d6 7. Qc2 c3 8. bxc3
Bg7 9. Be2 O-O 10. O-O e6 11. dxe6 fxe6 12. Nc4 d5 13. Bg5 h6 14. Bxf6 Qxf6 15.
e5 Qf5 16. Bd3 Qf4 17. Nfd2 g5 18. Bg6 Bxe5 19. Nxe5 Qxe5 20. c4 Nc6 21. cxd5
Nd4 22. Qxc5 Ba6 23. Rfe1 Ne2+ 24. Kh1 exd5 25. Be4 Rad8 26. Rab1 Qd6 27. Qxa7
dxe4 28. Rb6 Ra8 29. Rxd6 Rxa7 30. Nxe4 Nf4 31. Rxh6 Bb7 32. Nxg5 Nxg2 33. Re7
Nf4+ 34. Kg1 Rxa2 35. h3 Ne2+ 36. Kf1 Ng3+ 37. Kg1 Ra1+ 0-1

[Event "Cappelle-la-Grande"]
[Site "Cappelle-la-Grande (FRA)"]
[Date "2013.02.26"]
[Round "5.28"]
[White "Georgiadis, Nico"]
[Black "Rozentalis, Eduardas"]
[Result "0-1"]
[WhiteElo "2380"]
[BlackElo "2613"]
[PlyCount "88"]
[EventDate "2013.??.??"]

1. e4 e6 2. d4 d5 3. Nc3 Bb4 4. exd5 exd5 5. Bd3 Nc6 6. a3 Bxc3+ 7. bxc3 Nce7
8. Qf3 Nf6 9. Bg5 Ne4 10. Bxe4 dxe4 11. Qxe4 f6 12. Bd2 O-O 13. Ne2 c6 14. Ng3
Nf5 15. O-O Nd6 16. Qd3 Be6 17. Rfe1 Bc4 18. Qf3 Qd7 19. Bf4 Bd5 20. Qd3 Nc4
21. f3 Rae8 22. Ne4 b6 23. Bg3 Re6 24. Nd2 Nb2 25. Qa6 Rfe8 26. Rxe6 Rxe6 27.
Rb1 b5 28. Rxb2 Re2 29. Ne4 Qe8 30. Rb1 h5 31. Rf1 Kh7 32. h4 Rxc2 33. Re1 Qg6
34. Kh2 Bxe4 35. Rxe4 f5 36. Rf4 Qe6 37. Rxf5 Qxf5 38. Qxc6 a5 39. Qa8 a4 40.
Qc6 b4 41. axb4 a3 42. Qa8 a2 43. b5 Rb2 44. b6 Qc2 0-1

[Event "Cappelle-la-Grande"]
[Site "Cappelle-la-Grande (FRA)"]
[Date "2013.02.26"]
[Round "5.29"]
[White "Radovanovic, Jovica"]
[Black "Zubarev, Alexander"]
[Result "0-1"]
[WhiteElo "2350"]
[BlackElo "2591"]
[PlyCount "80"]
[EventDate "2013.??.??"]

1. Nf3 g6 2. e4 Bg7 3. d4 d6 4. c4 Nf6 5. Nc3 O-O 6. Be2 Bg4 7. O-O Nfd7 8. Be3
a6 9. Qc2 Nc6 10. Rad1 e5 11. d5 Bxf3 12. Bxf3 Nd4 13. Bxd4 exd4 14. Ne2 Be5
15. Nxd4 Qh4 16. g3 Qf6 17. Bg4 Nc5 18. Nb3 Na4 19. Nd4 Bxd4 20. Qxa4 Bxb2 21.
Qb3 h5 22. Bh3 Rae8 23. Bg2 Bd4 24. h4 c5 25. a4 Re7 26. Rb1 g5 27. Qf3 Qxf3
28. Bxf3 g4 29. Bg2 f5 30. exf5 Rxf5 31. Kh2 Rxf2 32. Rxf2 Bxf2 33. Rb3 Re1 34.
Bh1 Ra1 35. Rb2 Bg1+ 36. Kg2 Bd4 37. Rxb7 Rxa4 38. Rb6 Ra2+ 39. Kf1 Ra1+ 40.
Kg2 Be5 0-1

[Event "Cappelle-la-Grande"]
[Site "Cappelle-la-Grande (FRA)"]
[Date "2013.02.26"]
[Round "5.30"]
[White "Burmakin, Vladimir"]
[Black "Piscopo, Pierluigi"]
[Result "1-0"]
[WhiteElo "2577"]
[BlackElo "2403"]
[PlyCount "99"]
[EventDate "2013.??.??"]

1. d4 Nf6 2. Nf3 c5 3. d5 e6 4. c4 d6 5. Nc3 exd5 6. cxd5 g6 7. e4 Bg7 8. Nd2
O-O 9. Be2 Re8 10. O-O Nbd7 11. a4 Ne5 12. h3 g5 13. Nf3 g4 14. Nxe5 Rxe5 15.
Bf4 Re8 16. Qd3 gxh3 17. g3 a6 18. Qc2 Rb8 19. Rae1 Bg4 20. f3 Bc8 21. g4 h5
22. g5 Nd7 23. Kh1 Ne5 24. Bc1 b5 25. axb5 axb5 26. Bxb5 Bd7 27. Be2 Qb6 28.
Qd2 Ra8 29. Nd1 Ra1 30. Ne3 Qb3 31. Nf5 Bxf5 32. exf5 Nc4 33. Qf4 Nb6 34. f6
Nxd5 35. Qc4 Qxc4 36. Bxc4 Rxe1 37. Rxe1 Ne3 38. Bb5 Nc2 39. Rf1 Nd4 40. Bc4 d5
41. Be3 Rxf1+ 42. Bxf1 Bf8 43. Bxd4 cxd4 44. Kh2 Bb4 45. Kxh3 Be1 46. Bd3 Kf8
47. Bb5 Bf2 48. b3 Be1 49. Be2 Ke8 50. f4 1-0

[Event "Cappelle-la-Grande"]
[Site "Cappelle-la-Grande (FRA)"]
[Date "2013.02.26"]
[Round "5.31"]
[White "Nilsson, Sebastian"]
[Black "Nabaty, Tamir"]
[Result "1/2-1/2"]
[WhiteElo "2330"]
[BlackElo "2573"]
[PlyCount "41"]
[EventDate "2013.??.??"]

1. e4 c5 2. Nf3 Nc6 3. d4 cxd4 4. Nxd4 Nf6 5. Nc3 d6 6. Bc4 Na5 7. Bb3 e5 8.
Nde2 Be7 9. Bg5 O-O 10. O-O Be6 11. Qd3 Rc8 12. Rfd1 Nc4 13. Rab1 Qa5 14. Bxf6
Bxf6 15. Nd5 Bxd5 16. Qxd5 Qxd5 17. Rxd5 Be7 18. Rd3 Rc5 19. Nc3 Rfc8 20. Nd5
Kf8 21. c3 1/2-1/2

[Event "Cappelle-la-Grande"]
[Site "Cappelle-la-Grande (FRA)"]
[Date "2013.02.26"]
[Round "5.32"]
[White "Miezis, Normunds"]
[Black "Massoni, Michael"]
[Result "1-0"]
[WhiteElo "2572"]
[BlackElo "2395"]
[PlyCount "87"]
[EventDate "2013.??.??"]

1. c4 e5 2. g3 Nf6 3. Bg2 d5 4. cxd5 Nxd5 5. Nc3 Nb6 6. Nf3 Nc6 7. O-O Be7 8.
a3 O-O 9. b4 Be6 10. Rb1 f6 11. d3 a5 12. b5 Nd4 13. Nd2 Bd5 14. Nxd5 Nxd5 15.
Bb2 a4 16. Ba1 Qd7 17. Bxd4 exd4 18. Bxd5+ Qxd5 19. Qc1 Rfc8 20. Qb2 f5 21.
Rfc1 Bc5 22. Rc4 b6 23. Nf3 Rd8 24. Qc2 Re8 25. Rb2 Kf8 26. Rxa4 Rxa4 27. Qxa4
Ra8 28. Qc2 Rxa3 29. Qc1 Ra4 30. Qf4 Bd6 31. Qh4 h6 32. Qd8+ Kf7 33. Qd7+ Kg8
34. Rc2 Qf7 35. Qc6 Qb3 36. Kg2 Bc5 37. Rc4 Rxc4 38. Nd2 Qd1 39. Qe6+ Kh8 40.
Nxc4 f4 41. gxf4 Qb3 42. Qe8+ Kh7 43. f5 Qa2 44. h4 1-0

[Event "Cappelle-la-Grande"]
[Site "Cappelle-la-Grande (FRA)"]
[Date "2013.02.26"]
[Round "5.33"]
[White "Shirazi, Kamran"]
[Black "Cornette, Matthieu"]
[Result "1/2-1/2"]
[WhiteElo "2373"]
[BlackElo "2567"]
[PlyCount "101"]
[EventDate "2013.??.??"]

1. c4 Nf6 2. Nc3 g6 3. e4 d6 4. d4 Bg7 5. Bd3 O-O 6. Nge2 Nc6 7. O-O e5 8. d5
Nd4 9. b3 Re8 10. f3 c5 11. Rb1 a6 12. a4 Nd7 13. b4 cxb4 14. Rxb4 Nc5 15. Rb1
Bd7 16. Bc2 Rb8 17. Be3 Qa5 18. Bd2 Nxc2 19. Qxc2 Nxa4 20. Nxa4 Bxa4 21. Qa2
Qc5+ 22. Kh1 Bd7 23. Rfc1 Bf8 24. Qb3 b5 25. Be3 Qc8 26. Qa2 Qb7 27. Nc3 Rec8
28. Na4 Be8 29. c5 dxc5 30. Nxc5 Bxc5 31. Bxc5 Ra8 32. Bd6 Rxc1+ 33. Rxc1 Rc8
34. Rf1 f6 35. f4 exf4 36. Qb2 f5 37. h3 Rc4 38. Re1 Rxe4 39. Rxe4 fxe4 40. Qe5
Bf7 41. Bc5 Qxd5 42. Qe8+ Kg7 43. Qf8+ Kf6 44. Qe7+ Kg7 45. Qf8+ Kf6 46. Qe7+
Kg7 47. Bd6 h5 48. Be5+ Kg8 49. Qf6 Kf8 50. Bd6+ Kg8 51. Be5 1/2-1/2

[Event "Cappelle-la-Grande"]
[Site "Cappelle-la-Grande (FRA)"]
[Date "2013.02.26"]
[Round "5.34"]
[White "Malakhatko, Vadim"]
[Black "Manea, Alexandru"]
[Result "1-0"]
[WhiteElo "2565"]
[BlackElo "2386"]
[PlyCount "103"]
[EventDate "2013.??.??"]

1. c4 Nf6 2. Nf3 b6 3. d4 e6 4. g3 Ba6 5. b3 b5 6. cxb5 Bxb5 7. Bg2 c5 8. O-O
Be7 9. Ne5 d5 10. Nc3 Ba6 11. Ba3 cxd4 12. Bxe7 Qxe7 13. Qxd4 O-O 14. Rfc1 Nbd7
15. Nxd7 Qxd7 16. e4 dxe4 17. Qxd7 Nxd7 18. Nxe4 Rac8 19. Nd6 Rxc1+ 20. Rxc1
Rd8 21. Bf1 Bxf1 22. Kxf1 Nb6 23. Nb5 Rd7 24. Ke2 Kf8 25. Rc7 Rxc7 26. Nxc7 Ke7
27. Kd3 Kd7 28. Nb5 a6 29. Nc3 h6 30. Kd4 Kd6 31. f4 Nd7 32. b4 f5 33. b5 a5
34. Nb1 e5+ 35. fxe5+ Nxe5 36. Nd2 a4 37. h4 g5 38. h5 Nd7 39. Nc4+ Kc7 40. Ne3
Kb6 41. Nxf5 Kxb5 42. Nxh6 Nf6 43. g4 Kb4 44. Ke5 Nh7 45. Nf5 Ka3 46. Nd4 Kxa2
47. h6 Kb2 48. Nb5 Kb3 49. Kf5 Kb4 50. Nd4 Nf8 51. Kf6 Kc3 52. Kg7 1-0

[Event "Cappelle-la-Grande"]
[Site "Cappelle-la-Grande (FRA)"]
[Date "2013.02.26"]
[Round "5.35"]
[White "Le Roux, Jean-Pierre"]
[Black "Pulvett, Daniel"]
[Result "1/2-1/2"]
[WhiteElo "2564"]
[BlackElo "2385"]
[PlyCount "95"]
[EventDate "2013.??.??"]

1. d4 Nf6 2. Nf3 g6 3. c4 Bg7 4. g3 d5 5. cxd5 Nxd5 6. Bg2 O-O 7. O-O Nb6 8.
Nc3 Nc6 9. e3 a5 10. d5 Nb4 11. e4 c6 12. a3 Na6 13. dxc6 bxc6 14. Qc2 Be6 15.
Ng5 Bc4 16. Rd1 Qb8 17. Rb1 Rd8 18. b3 Rxd1+ 19. Qxd1 Bb5 20. Qf3 f6 21. Ne6
Qd6 22. Nxg7 Kxg7 23. Be3 Rb8 24. a4 Bd3 25. Rd1 Nb4 26. Bf1 Nd7 27. Bf4 Ne5
28. Qe3 g5 29. Bxe5 Qxe5 30. Bxd3 Qxc3 31. Bc4 Qxe3 32. fxe3 Kf8 33. Kf2 c5 34.
h4 gxh4 35. gxh4 Rb6 36. Rd8+ Kg7 37. Rd7 Kf8 38. Rd8+ Kg7 39. Rc8 Nc6 40. Bb5
Ne5 41. Ra8 Nf7 42. Rxa5 Nd6 43. Kf3 Kf7 44. Ra6 Rb8 45. Bc6 e6 46. Ra7+ Kf8
47. Bd7 Rxb3 48. Bxe6 1/2-1/2

[Event "Cappelle-la-Grande"]
[Site "Cappelle-la-Grande (FRA)"]
[Date "2013.02.26"]
[Round "5.37"]
[White "Martynov, Pavel"]
[Black "Maiorov, Nikita"]
[Result "0-1"]
[WhiteElo "2323"]
[BlackElo "2542"]
[PlyCount "108"]
[EventDate "2013.??.??"]

1. e4 e5 2. Nf3 Nc6 3. Bb5 a6 4. Ba4 Nf6 5. O-O Be7 6. d3 d6 7. c3 O-O 8. Re1
Re8 9. Nbd2 Bf8 10. Nf1 g6 11. Ng3 Bg7 12. h3 b5 13. Bc2 Bb7 14. d4 Qe7 15. Bd2
Qf8 16. a4 Nd7 17. d5 Ne7 18. b3 c6 19. c4 bxc4 20. bxc4 a5 21. Be3 Reb8 22.
Qd2 Rd8 23. Rac1 Ba6 24. Bb1 Nc5 25. Bxc5 dxc5 26. Qc3 Rdb8 27. d6 Nc8 28. Qxa5
Bb5 29. Qc7 Bxa4 30. d7 Nd6 31. Bc2 Rb7 32. d8=Q Rxd8 33. Qa5 Bxc2 34. Rxc2 Nc8
35. Rd2 Rxd2 36. Nxd2 Rb4 37. Qc7 Nb6 38. Rd1 Qc8 39. Qxc8+ Nxc8 40. Nf3 Bf6
41. Nxe5 Bxe5 42. Rd8+ Kg7 43. Rxc8 Rxc4 44. Rxc6 Rc1+ 45. Nf1 Bd4 46. g4 Kf8
47. Kg2 Rc2 48. Nh2 Rxf2+ 49. Kg3 Re2 50. Nf3 Rxe4 51. Rc8+ Kg7 52. g5 Be3 53.
h4 Bf4+ 54. Kf2 Rc4 0-1

[Event "Cappelle-la-Grande"]
[Site "Cappelle-la-Grande (FRA)"]
[Date "2013.02.26"]
[Round "5.38"]
[White "Manolache, Marius"]
[Black "Grekh, Andrey"]
[Result "1/2-1/2"]
[WhiteElo "2533"]
[BlackElo "2373"]
[PlyCount "199"]
[EventDate "2013.??.??"]

1. d4 Nf6 2. Nf3 e6 3. c4 c5 4. d5 b5 5. dxe6 fxe6 6. cxb5 d5 7. g3 Bd6 8. Bg2
O-O 9. O-O a6 10. Nc3 axb5 11. Nxb5 Nc6 12. a4 Kh8 13. Bg5 Be7 14. Nh4 Ba6 15.
Rc1 Rb8 16. e4 Bxb5 17. axb5 Rxb5 18. exd5 exd5 19. Nf5 Rxb2 20. Re1 Ng8 21.
Nxe7 Ncxe7 22. Rc2 Rxc2 23. Qxc2 Qd6 24. Qe2 Ng6 25. h4 h6 26. Qh5 Kh7 27. Re2
Rf5 28. Qg4 Qf8 29. Bh3 Re5 30. Be3 Nf6 31. Qf3 d4 32. Bf5 Qf7 33. Bd2 Rxe2 34.
Qxe2 Kh8 35. Qb5 c4 36. Qb6 c3 37. Bc1 Ne7 38. Be6 Qe8 39. Qxd4 Nc6 40. Qe3 Qe7
41. Kf1 Qb4 42. Bf5 Nd4 43. Bd3 Qc5 44. f3 Qd5 45. Kg2 Qa2+ 46. Kh3 Qd5 47. Kg2
Qa2+ 48. Qf2 Qxf2+ 49. Kxf2 c2 50. Bc4 Nd7 51. Ke3 Nxf3 52. Bd5 Nfe5 53. Be4 g5
54. hxg5 hxg5 55. Kd4 Nf7 56. Bxc2 Nf6 57. Bb2 Kg8 58. Ke3 Kg7 59. Kf3 Nh6 60.
Bc1 Nf7 61. Bb2 Nd6 62. Bd3 Nf7 63. Ke3 Nh6 64. Kd4 Nhg4 65. Bf5 Nh6 66. Bb1
Nh5 67. Ke4+ Kf7 68. Be5 Nf6+ 69. Kf3 Ke6 70. Bb2 Nf5 71. Ba2+ Ke7 72. Ba3+ Kd7
73. Bb2 Ke7 74. Bc3 Nd6 75. Bb4 Kd7 76. Ba3 Nf5 77. Bc1 Nd4+ 78. Kg2 Ne4 79.
Bb2 Nf5 80. g4 Nh4+ 81. Kf1 Ke7 82. Ke2 Nf6 83. Bc1 Ng6 84. Ba3+ Kd8 85. Bc1
Nxg4 86. Bxg5+ Kd7 87. Kf3 N6e5+ 88. Ke4 Kd6 89. Bh4 Kc6 90. Be7 Kd7 91. Ba3
Kc6 92. Be6 Kb5 93. Bd6 Kc6 94. Be7 Kb5 95. Kd5 Nc6 96. Bg5 Nge5 97. Bd2 Kb6
98. Bh3 Kb7 99. Bc3 Kb6 100. Bxe5 1/2-1/2

[Event "Cappelle-la-Grande"]
[Site "Cappelle-la-Grande (FRA)"]
[Date "2013.02.26"]
[Round "5.40"]
[White "Kunin, Vitaly"]
[Black "Tugui, Adrian"]
[Result "1-0"]
[WhiteElo "2525"]
[BlackElo "2370"]
[PlyCount "87"]
[EventDate "2013.??.??"]

1. d4 Nf6 2. Nf3 e6 3. c4 b6 4. Nc3 Bb4 5. Qc2 Bb7 6. a3 Bxc3+ 7. Qxc3 d5 8.
Bg5 Nbd7 9. e3 O-O 10. cxd5 exd5 11. Bd3 c5 12. O-O h6 13. Bh4 g5 14. Bg3 Ne4
15. Qc2 Qe7 16. dxc5 bxc5 17. b4 Rac8 18. Qe2 c4 19. Bc2 f5 20. Nd4 Ne5 21.
Bxe5 Qxe5 22. f4 gxf4 23. Rxf4 Rf6 24. Raf1 Rcf8 25. Nxf5 Kh7 26. Qg4 Rg8 27.
Qh4 Rg5 28. Ng3 Rxf4 29. exf4 Qd4+ 30. Kh1 Rg6 31. Nxe4 dxe4 32. f5 Rf6 33. Qf4
Qd6 34. Qe3 Qb6 35. Qc3 Qd6 36. Qxc4 Qe5 37. Bb3 Rf8 38. f6 Bc8 39. f7 Bf5 40.
h3 Bg6 41. Qc5 Qxc5 42. bxc5 e3 43. Kg1 Kg7 44. Re1 1-0

[Event "Cappelle-la-Grande"]
[Site "Cappelle-la-Grande (FRA)"]
[Date "2013.02.26"]
[Round "5.41"]
[White "Frois, Antonio"]
[Black "Popilski, Gil"]
[Result "1/2-1/2"]
[WhiteElo "2320"]
[BlackElo "2518"]
[PlyCount "47"]
[EventDate "2013.??.??"]

1. Nf3 c5 2. c4 Nc6 3. g3 g6 4. Bg2 Bg7 5. O-O Nf6 6. d4 cxd4 7. Nxd4 O-O 8.
Nc3 d6 9. b3 Bd7 10. Bb2 Qa5 11. Rc1 Rfc8 12. e3 a6 13. Qd2 Rab8 14. Rfd1 b5
15. cxb5 Nxd4 16. Qxd4 axb5 17. Nd5 Ne8 18. Qd2 Qxd2 19. Rxd2 Rxc1+ 20. Bxc1 e6
21. Ne7+ Kf8 22. Nc6 Rc8 23. Rc2 f5 24. Bd2 1/2-1/2

[Event "Cappelle-la-Grande"]
[Site "Cappelle-la-Grande (FRA)"]
[Date "2013.02.26"]
[Round "5.42"]
[White "Gabuzyan, Hovhannes"]
[Black "Westerinen, Heikki M.j"]
[Result "1/2-1/2"]
[WhiteElo "2517"]
[BlackElo "2339"]
[PlyCount "91"]
[EventDate "2013.??.??"]

1. Nf3 Nf6 2. c4 g6 3. Nc3 Bg7 4. g3 O-O 5. Bg2 d6 6. O-O Nc6 7. d4 a6 8. d5
Na5 9. Nd2 c5 10. Rb1 e5 11. a3 b6 12. b4 Nb7 13. Qb3 Rb8 14. h3 Bd7 15. b5 a5
16. e4 Nh5 17. Ne2 f5 18. f4 Qe7 19. fxe5 dxe5 20. Bb2 Nd6 21. Rbe1 Rbe8 22.
Kh2 Bh6 23. Bc3 f4 24. g4 Ng3 25. Ng1 Nxf1+ 26. Rxf1 Bg7 27. Qd1 g5 28. Bf3 Bf6
29. Ne2 h6 30. Nc1 Qg7 31. Nd3 Re7 32. Qe2 Rc8 33. a4 Be8 34. Rg1 Bg6 35. Nf2
Qh7 36. h4 gxh4 37. Nh3 Bg5 38. Nxg5 hxg5 39. Kh3 Qg7 40. Qd3 Qf6 41. Qb1 Ne8
42. Rg2 Qd6 43. Qe1 Nf6 44. Rg1 Rf8 45. Qb1 Qd7 46. Qd3 1/2-1/2

[Event "Cappelle-la-Grande"]
[Site "Cappelle-la-Grande (FRA)"]
[Date "2013.02.26"]
[Round "5.43"]
[White "Fuchs, Judith"]
[Black "Kiselev, Vitaliy"]
[Result "1/2-1/2"]
[WhiteElo "2292"]
[BlackElo "2517"]
[PlyCount "80"]
[EventDate "2013.??.??"]

1. e4 e6 2. d4 d5 3. Nc3 Nf6 4. e5 Nfd7 5. f4 c5 6. Nf3 a6 7. Be3 Qb6 8. Na4
Qa5+ 9. c3 cxd4 10. b4 Qc7 11. Qxd4 b5 12. Nb2 Nc6 13. Qd2 f6 14. exf6 Nxf6 15.
Bd3 Bd6 16. O-O O-O 17. a4 Rb8 18. axb5 axb5 19. Nd4 Nxd4 20. Bxd4 Ne4 21. Bxe4
dxe4 22. g3 Bb7 23. Nd1 e5 24. fxe5 Rxf1+ 25. Kxf1 Rf8+ 26. Kg1 Bxe5 27. Bxe5
Qxe5 28. Ne3 Qg5 29. Rf1 Rxf1+ 30. Kxf1 h6 31. Qa2+ Kh7 32. Qf2 Kg6 33. Kg1 Bc8
34. Kg2 Qe5 35. Qd2 Qf6 36. Kg1 Kh7 37. Qc2 Qe5 38. Qd2 Qf6 39. Qc2 Qe5 40. Qd2
Qf6 1/2-1/2